| 000 | 01914nam a2200529 i 4500 | ||
|---|---|---|---|
| 001 | 30605 | ||
| 003 | KOSZ 005 | ||
| 005 | 20211014105513.0 | ||
| 008 | 970510s1994 pl a f |001 0 pol | ||
| 015 | _aUWD 1994/7703 | ||
| 020 | _a8320417686 | ||
| 035 | _a991000609939705066 | ||
| 035 | _a(PL-WaBN)b10204398-48omnis_nlop | ||
| 035 | _ab10204398 | ||
| 035 | _a(OCoLC)749673160 | ||
| 035 | _a(PL)b0000001020439 | ||
| 035 | _a(EXLNZ-48OMNIS_NETWORK)9910218060705606 | ||
| 040 |
_aWA N _cWA N _dKOSZ 005/EG |
||
| 080 | _a628.5 | ||
| 080 | _a621.3 | ||
| 080 | _a(075.8) | ||
| 100 | 1 |
_aKucowski, Jerzy _eAutor |
|
| 245 | 1 | 0 |
_aEnergetyka a ochrona środowiska / _cJerzy Kucowski, Damazy Laudyn, Mieczysław Przekwas. |
| 250 | _aWyd. 3. | ||
| 260 |
_aWarszawa : _bWydawnictwa Naukowo-Techniczne, _c1994. |
||
| 300 |
_a448 s. : _bfot., rys., wykr. ; _c21 cm. |
||
| 336 |
_aTekst _btxt _2rdacontent |
||
| 337 |
_aBez urządzenia pośredniczącego _bn _2rdamedia |
||
| 338 |
_aWolumin _bnc _2rdacarrier |
||
| 380 | _aKsiążki | ||
| 380 | _aPublikacje dydaktyczne | ||
| 385 |
_mPoziom nauczania _aSzkoły wyższe |
||
| 388 | _a1901-2000 | ||
| 388 | _a1989-2000 | ||
| 504 | _aBibliogr. s. 436-437 i przy rozdz., zestawienie aktów prawnych s. 438-440. - Indeks. | ||
| 521 | _aDla inżynierów zajmujących się projektowaniem i eksploatacją obiektów energetycznych. | ||
| 650 | 7 |
_aElektroenergetyka _2DBN |
|
| 650 | 7 |
_aŚrodowisko człowieka _2DBN |
|
| 655 | 7 |
_aPodręczniki akademickie _2DBN |
|
| 658 | _aOchrona środowiska | ||
| 700 | 1 |
_aLaudyn, Damazy _d(?-1999) _eAutor |
|
| 710 | 2 |
_aWydawnictwa Naukowo-Techniczne _4pbl |
|
| 700 | 1 |
_aPrzekwas, Mieczysław _d(1926-2018) _eAutor |
|
| 856 |
_uhttp://koha.tu.koszalin.pl/cgi-bin/koha/opac-detail.pl?biblionumber=30605 _yKatalog online BPK |
||
| 942 |
_2UKD _cKS |
||
| 999 |
_c30605 _d30605 |
||